000 01185nam a2200337 a 4500
001 4041616
003 ARRUPE
005 20130918141853.0
008 980624s1998 sa a 000 0aeng d
010 _a 98163950
020 _a1868083802
035 _a(OCoLC)40356333
040 _aIEN
_cIEN
_dDLC
042 _alccopycat
043 _af-sa---
050 0 0 _aHV9850.5.D35
_bA3 2002
100 1 _aDaniels, Eddie,
_d1928-
_9565
245 1 0 _aThere and back :
_bRobben Island, 1964-1979 /
_cEddie Daniels.
246 1 4 _aThere & back
260 _aBellville, South Africa :
_bMayibuye Books,
_c1998.
300 _a251p.;
_c21cm.
490 1 _aMayibuye history and literature series ;
_vno. 83
600 1 0 _aDaniels, Eddie,
_d1928-
_9566
650 0 _aPolitical prisoners
_zSouth Africa
_xBiography.
_9567
650 0 _aBanned persons (South Africa)
_xBiography.
_9568
651 0 _aRobben Island (South Africa)
_xBiography.
_9569
830 0 _aMayibuye history & literature series ;
_vno. 83.
_9570
906 _a7
_bcbc
_ccopycat
_d3
_encip
_f19
_gy-gencatlg
942 _2lcc
_cMONOGRAPH
999 _c117879
_d117879